000 00501nam a2200169Ia 4500
001 12120
003 GE_BSU
008 181216s||||||||xx |||||||||||||| ||und||
040 _cGE_BSU
245 _aИнформационно-управляющие системы. №4(71) 2014
245 _cГл.ред.Сергеев М.Б.
260 _aМосква
260 _c2014
300 _a132 стр. 29 см.
653 _aИнформационно-управляющие системы
942 _cCR
999 _c45296
_d45296